Law of contract- I (Secs. - 1-75 of the Indian contract act, 1872 and the specific relief act, 1963) (Record no. 115395)

MARC details
000 -LEADER
fixed length control field 00455nam a2200157Ia 4500
008 - FIXED-LENGTH DATA ELEMENTS--GENERAL INFORMATION
fixed length control field 230917s9999||||xx |||||||||||||| ||und||
040 ## - CATALOGING SOURCE
-- 100967
Original cataloging agency VIVEKANANDA LIBRARY
041 ## - Language
-- English
082 ## - DDC NUMBER
Classification number 346.022 K141L
100 ## - MAIN ENTRY--PERSONAL NAME
Personal name Kapoor, S K
245 #0 - TITLE STATEMENT
Title Law of contract- I (Secs. - 1-75 of the Indian contract act, 1872 and the specific relief act, 1963)
250 ## - EDITION STATEMENT
Edition statement 9th ed.
260 ## - PUBLICATION, DISTRIBUTION, ETC. (IMPRINT)
Place of publication, distribution, etc Allahabad
Name of publisher, distributor, etc Central Law Agency
Date of publication, distribution, etc 2002
300 ## - PHYSICAL DESCRIPTION
Pages v. p.
942 ## - ADDED ENTRY ELEMENTS (KOHA)
Koha item type Books
Holdings
Withdrawn status Lost status Damaged status Not for loan Location (home branch) Sublocation or collection (holding branch) Date acquired Koha issues (times borrowed) Koha full call number Accession No. Koha date last seen Koha item type
        VIVEKANANDA LIBRARY VIVEKANANDA LIBRARY 22/03/2004   346.022 K141L 205425 17/09/2023 Books
        VIVEKANANDA LIBRARY VIVEKANANDA LIBRARY 22/03/2004   346.022 K141L 205426 17/09/2023 Books
        VIVEKANANDA LIBRARY VIVEKANANDA LIBRARY 22/03/2004   346.022 K141L 205427 17/09/2023 Books
© Designed and Maintained by Vivekananda Library, MDU Rohtak